Our Song - Anne-Marie & Niall Horan (Lyrics) - Statistics

General Stats
  • This quiz has been taken 51 times
  • The average score is 217 of 325
Answer Stats
% Correct
I
100%
be
87%
in
87%
I'm
85%
it
85%
my
85%
the
85%
me
82%
song
82%
you
82%
You
82%
on
79%
that
77%
That
77%
been
74%
can
74%
[Verse 1] | [Verse 2] I'll
74%
our
74%
And
72%
hear
72%
radio
72%
we
72%
[Pre-Chorus] But
69%
but
69%
go
69%
ha
69%
honest
69%
[Bridge] | [Chorus] Just
69%
just
69%
of
69%
with
69%
bed
67%
for
67%
I've
67%
own
67%
think
67%
to
67%
when
67%
When
67%
ever
64%
it's
64%
like
64%
Sunday
64%
this
64%
alright
62%
back
62%
get
62%
out
62%
head
59%
sheets
59%
thought
59%
alone
56%
can't
56%
every
56%
[Pre-Chorus] Every
56%
mornings
56%
off
56%
takes
56%
up
56%
waking
56%
way
56%
you're
56%
better
54%
days
54%
gone
54%
haven't
54%
her
54%
never
54%
places
54%
time
54%
used
54%
'cause
51%
forget
51%
let
49%
tryin'
44%
know
36%
fight
33%
white
33%
stop
31%
remember
28%
smiling
28%
tee
28%
him
23%
baby
21%
() No
18%
( Oh
18%
) oh
18%
trying
8%
No matching quizzes found
Score Distribution
Percent of People with Each Score
Percentile by Number Answered
Your Score History
You have not taken this quiz